Statistics for Guess the landmarks by picture #4

Click here to take the quiz!

General Stats

  • This quiz has been taken 37 times
    (23 since last reset)
  • The average score is 8 of 16

Answer Stats

Answer% Correct
Grand Canyon
95%
Sahara
95%
Forbidden City
84%
Mount Kilimanjaro
79%
Pentagon
79%
Hoover Dam
74%
Pantheon
74%
Winter Palace
42%
Mount Vesuvius
37%
Alcatraz
32%
Mont St. Michel
32%
Milan Cathedral
26%
Versailles
26%
Helsinki Cathedral
16%
Terracotta Warriors
5%
Blue Lagoon
0%

Score Distribution

Percentile by Number Answered

Percent of People with Each Score

Your Score History

You have not taken this quiz since the last reset